LIBRARY & INFORMATION CENTRE, KCAET, TAVANUR

ONLINE PUBLIC ACCESS CATALOGUE (OPAC)

Computer virus protection handbook / (Record no. 8948)

MARC details
000 -LEADER
fixed length control field 00506cam a2200205ua 4500
041 ## - LANGUAGE CODE
Language code of text/sound track or separate title eng
082 ## - DEWEY DECIMAL CLASSIFICATION NUMBER
Classification number 028.71004
Item number HAY/CO
100 ## - MAIN ENTRY--AUTHOR NAME
Personal name Haynes, Colin .
245 ## - TITLE STATEMENT
Title Computer virus protection handbook /
250 ## - EDITION STATEMENT
Edition statement 1 /
260 ## - PUBLICATION, DISTRIBUTION, ETC. (IMPRINT)
Place of publication New Delhi :
Name of publisher B P B Publishers ,
Year of publication 1990.
300 ## - PHYSICAL DESCRIPTION
Number of Pages 192 ; .
942 ## - ADDED ENTRY ELEMENTS (KOHA)
Koha item type Books
Holdings
Withdrawn status Lost status Damaged status Home library Current library Date acquired Full call number Accession Number Koha item type Shelving location
      KAUAET KAUAET 07/04/2012 028.71004 20427 Reference  
      KAUAET KAUAET 07/04/2012 028.71004 20132 Reference  
      KAUAET KAUAET 07/04/2012 028.71004 18048 Books Binding Shelf
free website counter